| 000 | 00532nam a2200193Ia 4500 | ||
|---|---|---|---|
| 999 |
_c2492 _d2492 |
||
| 020 | _a0-8184-0427-2 | ||
| 082 | _a291.7 WIL-; | ||
| 100 | _aWilson, Bryan | ||
| 245 | 0 | _aHuman values in a changing World: a dialogue on the social role of Religion | |
| 260 |
_aSecaucus _bLyle Stuart _c1987 |
||
| 300 | _a364p. | ||
| 650 | _aEthics - Social ethics | ||
| 650 | _aPhilosophy and religion | ||
| 650 | _aPhilosophy and religion | ||
| 650 | _aReligion | ||
| 650 | _aReligion and sociology | ||
| 700 | _aIkeda, Daisaku | ||
| 942 | _cBK | ||